000 01399nam a2200349Ia 4500
001 ebr10089179
003 CaPaEBR
006 m u
007 cr cn|||||||||
008 040226s2004 nyu sb 001 0 eng d
010 _z 2004041587
020 _z1403966931
040 _aCaPaEBR
_cCaPaEBR
035 _a(OCoLC)567935660
050 1 4 _aJK526 2000
_b.P58 2004eb
082 0 4 _a324.973/0929
_222
100 1 _aPleasants, Julian M.
245 1 0 _aHanging chads
_h[electronic resource] :
_bthe inside story of the 2000 presidential recount in Florida /
_cJulian M. Pleasants.
260 _aNew York :
_bPalgrave Macmillan,
_c2004.
300 _a293 p.
504 _aIncludes bibliographical references and index.
533 _aElectronic reproduction.
_bPalo Alto, Calif. :
_cebrary,
_d2009.
_nAvailable via World Wide Web.
_nAccess may be limited to ebrary affiliated libraries.
600 1 0 _aBush, George W.
_q(George Walker),
_d1946-
600 1 0 _aGore, Albert,
_d1948-
650 0 _aPresidents
_zUnited States
_xElection
_y2000.
650 0 _aPolitical campaigns
_zUnited States.
650 0 _aContested elections
_zUnited States.
650 0 _aContested elections
_zFlorida.
655 7 _aElectronic books.
_2local
710 2 _aebrary, Inc.
856 4 0 _uhttp://site.ebrary.com/lib/rucke/Doc?id=10089179
_zAn electronic book accessible through the World Wide Web; click to view
999 _c52060
_d52060